00478nam a22001577a 4500003000400000082001800004100001800022245002500040260004400065300000700109650003500116653003500151942001200186952010500198999001700303SGT a617.632bF23Y aYadav, Garima aFacial Translocation aGurugram, HaryanabSGT Universityc2023 a66 aOral and Maxillofacial Surgery aOral and Maxillofacial Surgery 2ddccTH 00102ddc405171aFDbFDd2023-02-17l0o617.632 F23YpDT1494r2023-02-17 00:00:00w2023-02-17yTH c23807d23807